000 00637cam a2200241 a 4500
001 15774257
003 OSt
005 20160305094250.0
008 090612s2009 nyu 000 1 eng
010 _a 2009024011
020 _a9780316020701
040 _aSEKU
050 0 0 _aPS 3569
_b.S3
100 1 _aShreve, Anita.
245 1 2 _aA change in altitude :
_ba novel /
_cAnita Shreve.
250 _a1st ed.
260 _aNew York :
_bLittle, Brown and Co.,
_c2009.
300 _a307 p. ;
650 _aNewlyweds --
_vFiction.
650 _aAccidents --
_vFiction.
650 _aMarried people -- .
_vFiction
942 _2lcc
_cGEN
999 _c11860
_d11860